[Event "CUB-ch sf"]
[Site "Holguin"]
[Date "1999.??.??"]
[Round "?"]
[White "Almeida Quintana, Omar"]
[Black "Cruz Lima, Jose Manuel"]
[Result "1-0"]
[WhiteElo "2340"]
[BlackElo "2295"]
[PlyCount "66"]
[EventDate "1999.??.??"]
[EventType "tourn"]
[EventRounds "11"]
[EventCountry "CUB"]
[SourceTitle "EXT 2004"]
[Source "ChessBase"]
[SourceDate "2003.11.25"]
[SourceVersion "1"]
[SourceVersionDate "2003.11.25"]
[SourceQuality "1"]

1. d4 g6 2. c4 Bg7 3. Nf3 d6 4. Nc3 Nd7 5. e4 e5 6. d5 Nh6 7. h4 f6 8. h5 g5 9. Bd3 Nf7 10. Rb1 h6 11. b4 0-0 12. g4 Re8 13. Be3 c6 14. Nd2 Nb6 15. a4 Bd7 16. a5 Nc8 17. f3 Ne7 18. Qb3 Qc8 19. Kf2 Rf8 20. Kg3 Kh8 21. Rhc1 Qe8 22. c5 cxd5 23. Nxd5 Nxd5 24. Qxd5 Bc6 25. Qb3 a6 26. cxd6 Nxd6 27. Bc5 Qd7 28. Nc4 Nxc4 29. Bxc4 Ba4 30. Qa2 Rfb8 31. Ra1 Bb5 32. Be6 Qe8 33. Bf7 Qd7 1-0

[Event "Pinar del Rio Provincial"]
[Site "Pinar del Rio"]
[Date "1999.??.??"]
[Round "?"]
[White "Cruz Lima, Jose Manuel"]
[Black "Ferragut, Arnaldo"]
[Result "0-1"]
[WhiteElo "2295"]
[BlackElo "2257"]
[PlyCount "82"]
[EventDate "1999.??.??"]
[EventType "tourn"]
[EventRounds "3"]
[EventCountry "CUB"]
[SourceTitle "EXT 2004"]
[Source "ChessBase"]
[SourceDate "2003.11.25"]
[SourceVersion "1"]
[SourceVersionDate "2003.11.25"]
[SourceQuality "1"]

1. d4 Nf6 2. c4 g6 3. Nc3 Bg7 4. e4 d6 5. Bd3 e5 6. d5 0-0 7. Nge2 Nbd7 8. 0-0 Nh5 9. Bc2 Qh4 10. Be3 Nf4 11. g3 Nxe2+ 12. Qxe2 Qe7 13. Qd2 Nf6 14. Bg5 Bh3 15. Rfe1 Qd7 16. Ba4 Qg4 17. f3 Qc8 18. Nd1 Bd7 19. Bxd7 Nxd7 20. Nc3 a5 21. Kg2 f5 22. Rf1 Nc5 23. Be3 Nd7 24. Rac1 b6 25. Nb5 Nf6 26. exf5 gxf5 27. f4 Ne4 28. Qc2 Qd7 29. fxe5 dxe5 30. g4 c6 31. gxf5 Nf6 32. dxc6 Qxc6+ 33. Kh3 Rad8 34. Qg2 Qc8 35. Qe2 Qc6 36. c5 Nd5 37. cxb6 Qd7 38. Rc7 Nxc7 39. bxc7 Rc8 40. Qg4 Qxb5 41. f6 Qxf1+ 0-1

[Event "CUB-ch"]
[Site "Las Tunas"]
[Date "1996.??.??"]
[Round "3"]
[White "Arencibia Rodriguez, Walter"]
[Black "Cruz Lima, Jose Manuel"]
[Result "1-0"]
[WhiteElo "2555"]
[BlackElo "2290"]
[PlyCount "103"]
[EventDate "1996.05.??"]
[EventType "tourn"]
[EventRounds "13"]
[EventCountry "CUB"]
[EventCategory "8"]
[SourceTitle "EXT 1997"]
[Source "ChessBase"]
[SourceDate "1996.11.15"]
[SourceVersion "1"]
[SourceVersionDate "1996.11.15"]
[SourceQuality "1"]

1. d4 d5 2. c4 e6 3. Nc3 Be7 4. Nf3 Nf6 5. cxd5 exd5 6. Bg5 0-0 7. e3 c6 8. Bd3 Ne4 9. Bxe7 Qxe7 10. Qc2 f5 11. 0-0 Be6 12. Rab1 Nd7 13. b4 b5 14. a4 a6 15. Ne2 Nd6 16. a5 Nc4 17. Qc3 g5 18. g3 Qg7 19. h4 h6 20. hxg5 hxg5 21. Kg2 Kf7 22. Qc2 Qf6 23. Rh1 Rh8 24. Rbe1 Kg7 25. Nc1 Rxh1 26. Rxh1 Rh8 27. Rxh8 Kxh8 28. Nb3 f4 29. exf4 gxf4 30. Qc1 fxg3 31. fxg3 Kg7 32. Qf4 Qxf4 33. gxf4 Kf6 34. Ne5 Nb8 35. Nc5 Bc8 36. Kf3 Nd6 37. Bg6 Bh3 38. Bh5 Bf5 39. Bg4 Ke7 40. Kg3 Kf6 41. Kh4 Bxg4 42. Kxg4 Nf5 43. Ncd7+ Nxd7 44. Nxd7+ Kg6 45. Nc5 Nxd4 46. Nxa6 Nc2 47. f5+ Kf7 48. Kf4 Kf6 49. Nc7 Nxb4 50. a6 Nxa6 51. Nxa6 d4 52. Nc5 1-0

[Event "CUB-ch"]
[Site "Las Tunas"]
[Date "1996.??.??"]
[Round "4"]
[White "Becerra Rivero, Julio"]
[Black "Cruz Lima, Jose Manuel"]
[Result "1-0"]
[WhiteElo "2545"]
[BlackElo "2290"]
[PlyCount "57"]
[EventDate "1996.05.??"]
[EventType "tourn"]
[EventRounds "13"]
[EventCountry "CUB"]
[EventCategory "8"]
[SourceTitle "EXT 1997"]
[Source "ChessBase"]
[SourceDate "1996.11.15"]
[SourceVersion "1"]
[SourceVersionDate "1996.11.15"]
[SourceQuality "1"]

1. e4 e5 2. Nf3 Nf6 3. Nxe5 d6 4. Nf3 Nxe4 5. d4 d5 6. Bd3 Be7 7. 0-0 Nc6 8. c4 Nb4 9. cxd5 Nxd3 10. Qxd3 Nf6 11. Qb5+ Qd7 12. Qxd7+ Bxd7 13. Nc3 0-0 14. Bg5 h6 15. Bh4 Rfc8 16. Rfe1 Kf8 17. Ne5 Be8 18. Rac1 g5 19. Bg3 Bb4 20. h4 Bxc3 21. bxc3 Nxd5 22. c4 Ne7 23. Ng4 Ng8 24. hxg5 hxg5 25. Re5 f6 26. Nxf6 Nxf6 27. Rf5 Ke7 28. Re1+ Kd7 29. Rxf6 1-0

[Event "CUB-ch"]
[Site "Las Tunas"]
[Date "1996.??.??"]
[Round "5"]
[White "Cruz Lima, Jose Manuel"]
[Black "Espinosa, Julio Manuel"]
[Result "0-1"]
[WhiteElo "2290"]
[BlackElo "2330"]
[PlyCount "88"]
[EventDate "1996.05.??"]
[EventType "tourn"]
[EventRounds "13"]
[EventCountry "CUB"]
[EventCategory "8"]
[SourceTitle "EXT 1997"]
[Source "ChessBase"]
[SourceDate "1996.11.15"]
[SourceVersion "1"]
[SourceVersionDate "1996.11.15"]
[SourceQuality "1"]

1. e4 e5 2. Nf3 d6 3. d4 exd4 4. Qxd4 a6 5. Bg5 Qd7 6. Nc3 h6 7. Be3 Nf6 8. Nd5 Be7 9. 0-0-0 Nc6 10. Qd3 0-0 11. h3 Nxd5 12. exd5 Ne5 13. Nxe5 dxe5 14. g4 Qa4 15. Kb1 Rd8 16. Bg2 c5 17. Be4 Bd6 18. f3 Qa5 19. h4 b5 20. g5 c4 21. Qe2 h5 22. g6 f6 23. Rdg1 c3 24. Bc1 cxb2 25. Bd2 Qa4 26. f4 Bg4 27. Rxg4 hxg4 28. fxe5 Bxe5 29. Qxg4 Qd4 30. h5 Rd6 31. h6 Qxd2 32. hxg7 Kxg7 33. Qh4 Qc1+ 34. Rxc1 bxc1Q+ 35. Kxc1 Rh8 36. Qf2 Rd7 37. Qb6 Rh4 38. Qe6 Ra7 39. Qf5 Rh2 40. Qe6 Re2 41. Qg4 Rh2 42. Bf5 Rc7 43. Qd1 Rc4 44. a3 Rch4 0-1

[Event "CUB-ch"]
[Site "Las Tunas"]
[Date "1996.??.??"]
[Round "9"]
[White "Cruz Lima, Jose Manuel"]
[Black "Garcia Carey, Osmel"]
[Result "0-1"]
[WhiteElo "2290"]
[BlackElo "2295"]
[PlyCount "50"]
[EventDate "1996.05.??"]
[EventType "tourn"]
[EventRounds "13"]
[EventCountry "CUB"]
[EventCategory "8"]
[SourceTitle "EXT 1997"]
[Source "ChessBase"]
[SourceDate "1996.11.15"]
[SourceVersion "1"]
[SourceVersionDate "1996.11.15"]
[SourceQuality "1"]

1. e4 c5 2. Nf3 e6 3. d4 cxd4 4. Nxd4 a6 5. Bd3 Bc5 6. Nb3 Bb6 7. 0-0 Nc6 8. Qe2 d6 9. Be3 Bc7 10. N1d2 Nf6 11. Kh1 Qe7 12. c4 b6 13. Rac1 Bb7 14. f4 h5 15. Rfe1 Ng4 16. Nf3 Nxe3 17. Qxe3 g6 18. e5 dxe5 19. fxe5 h4 20. c5 h3 21. cxb6 hxg2+ 22. Kg1 Nxe5 23. Nxe5 Qh4 24. Qg3 Qxg3 25. hxg3 Bxb6+ 0-1

[Event "CUB-ch sf"]
[Site "Villa Clara"]
[Date "1995.??.??"]
[Round "6"]
[White "Castella Garcia, Fausto"]
[Black "Cruz Lima, Jose Manuel"]
[Result "1/2-1/2"]
[WhiteElo "2285"]
[BlackElo "2270"]
[PlyCount "80"]
[EventDate "1995.??.??"]
[EventType "swiss"]
[EventRounds "9"]
[EventCountry "CUB"]
[SourceTitle "EXT 1997"]
[Source "ChessBase"]
[SourceDate "1996.11.15"]
[SourceVersion "1"]
[SourceVersionDate "1996.11.15"]
[SourceQuality "1"]

1. e4 c5 2. Nf3 e6 3. d4 cxd4 4. Nxd4 a6 5. Nc3 Qc7 6. Be2 Nf6 7. 0-0 Be7 8. f4 d6 9. Qe1 Nc6 10. Be3 0-0 11. Kh1 Bd7 12. Qg3 d5 13. exd5 exd5 14. Bf3 Qd6 15. Nb3 Rfe8 16. Rad1 Be6 17. Rd2 Qc7 18. a3 Na5 19. Bxd5 Bxd5 20. Nxd5 Nxd5 21. Rxd5 Qc4 22. Rfd1 Nxb3 23. cxb3 Qxb3 24. R5d3 Qb5 25. Bd4 Bf8 26. Bc3 Rad8 27. h3 Rxd3 28. Qxd3 Qxd3 29. Rxd3 Bc5 30. f5 f6 31. Rd5 Rc8 32. a4 Rc7 33. g4 Be7 34. Kg2 Kf7 35. Kf3 Ke8 36. g5 Rc4 37. gxf6 gxf6 38. Rd4 Rxd4 39. Bxd4 Kd7 40. Ke4 Kd6 1/2-1/2

[Event "Radio Rebelde-A"]
[Site "Havana"]
[Date "1984.??.??"]
[Round "?"]
[White "Cruz Lima, Jose Manuel"]
[Black "Fedorowicz, John P"]
[Result "1-0"]
[WhiteElo "2350"]
[BlackElo "2475"]
[PlyCount "69"]
[EventDate "1984.01.??"]
[EventType "tourn"]
[EventRounds "13"]
[EventCountry "CUB"]
[SourceTitle "EXT 2014"]
[Source "ChessBase"]
[SourceDate "2013.11.20"]
[SourceVersion "1"]
[SourceVersionDate "2013.11.20"]
[SourceQuality "1"]

1. e4 c5 2. Nf3 d6 3. d4 cxd4 4. Nxd4 Nf6 5. Nc3 Nc6 6. Bg5 Qb6 7. Nb3 e6 8. Be2 a6 9. 0-0 Qc7 10. Bxf6 gxf6 11. Bh5 Bg7 12. f4 0-0 13. Rf3 Kh8 14. Qe1 b5 15. Qh4 Bb7 16. Rh3 h6 17. Rf1 Ne7 18. f5 b4 19. Ne2 exf5 20. exf5 Nd5 21. Rff3 Ne7 22. Rf4 Qxc2 23. Nbd4 Qd1+ 24. Kf2 Bd5 25. Rg3 Rae8 26. Bf3 Bxf3 27. Rfxf3 Rg8 28. Qh5 Ref8 29. Rd3 Qb1 30. Rxg7 Rxg7 31. Qxh6+ Kg8 32. Rh3 Ng6 33. fxg6 fxg6 34. Ne6 Qf5+ 35. N2f4 1-0

[Event "Radio Rebelde-A"]
[Site "Havana"]
[Date "1984.??.??"]
[Round "?"]
[White "Estevez Morales, Guillermo"]
[Black "Cruz Lima, Jose Manuel"]
[Result "1-0"]
[WhiteElo "2430"]
[BlackElo "2350"]
[PlyCount "54"]
[EventDate "1984.01.??"]
[EventType "tourn"]
[EventRounds "13"]
[EventCountry "CUB"]
[SourceTitle "EXT 2014"]
[Source "ChessBase"]
[SourceDate "2013.11.20"]
[SourceVersion "1"]
[SourceVersionDate "2013.11.20"]
[SourceQuality "1"]

1. d4 d5 2. c4 e6 3. Nc3 Be7 4. Nf3 Nf6 5. Bg5 h6 6. Bh4 0-0 7. e3 b6 8. Qc2 Bb7 9. Bxf6 Bxf6 10. cxd5 exd5 11. 0-0-0 Nd7 12. h4 c5 13. g4 cxd4 14. exd4 Qc7 15. Be2 Rfc8 16. g5 Be7 17. gxh6 Bb4 18. Ng5 Nf6 19. Bh5 Bxc3 20. Bxf7+ Kf8 21. hxg7+ Ke7 22. Qf5 Bxd4+ 23. Kb1 Qe5 24. Rhe1 Ne4 25. Qxe5+ Bxe5 26. Bxd5 Bxd5 27. Rxd5 Rc5 1-0